The new aerobics for women /

Gorde:
Xehetasun bibliografikoak
Egile nagusia: Cooper, Kenneth H.
Beste egile batzuk: Cooper, Mildred
Formatua: Liburua
Hizkuntza:English
Argitaratua: Toronto ; New York : Bantam Books, 1988.
Edizioa:Rev. Bantam trade ed.
Gaiak:
LEADER 01098nam a2200301 a 4500
001 c000411789
003 CARM
005 00000000000000.0
008 880121s1988 onca 001 0 eng
019 1 |a 5707888 
020 |a 0553345133 
040 |a LC  |b eng  |c LC  |d 2062 
050 0 0 |a RA781.15  |b .C6625 1988 
082 0 4 |a 613.71 
100 1 |a Cooper, Kenneth H. 
245 1 4 |a The new aerobics for women /  |c Kenneth H. Cooper and Mildred Cooper. 
250 |a Rev. Bantam trade ed. 
260 |a Toronto ;  |a New York :  |b Bantam Books,  |c 1988. 
300 |a xii, 324 p. :  |b ill. ;  |c 24 cm. 
500 |a Rev. ed. of: Aerobics for women / Mildred Cooper and Kenneth H. Cooper. 1972. 
500 |a Includes index. 
650 0 |a Aerobic exercises. 
650 0 |a Exercise for women. 
700 1 |a Cooper, Mildred. 
700 1 |a Cooper, Mildred.  |t Aerobics for women. 
852 8 |b CARM  |h A3:AF32F0  |i C12719  |p 0566632  |f BK 
999 f f |i b720d27e-4973-5b4e-bd8e-60b0cdc20ce1  |s c44fa52d-0523-502d-81bd-ab4ad6fc9e64 
952 f f |p Can circulate  |a CAVAL  |b CAVAL  |c CAVAL  |d CARM 1 Store  |e C12719  |f A3:AF32F0  |h Other scheme  |i book  |m 0566632